Vista normal Vista MARC

Entrada Topical Term

Número de registros utilizados en: 1

001 - CONTROL NUMBER

  • control field: 20342

003 - CONTROL NUMBER IDENTIFIER

  • control field: OSt

005 - DATE AND TIME OF LATEST TRANSACTION

  • control field: 20230915230752.0

008 - FIXED-LENGTH DATA ELEMENTS

  • fixed length control field: 230915|| aca||aabn | a|a d

040 ## - CATALOGING SOURCE

  • Original cataloging agency: OSt
  • Transcribing agency: OSt

150 ## - HEADING--TOPICAL TERM

  • Topical term or geographic name entry element: ARTES MARCIALES Y MITOLOGIA

670 ## - SOURCE DATA FOUND

  • Source citation: Work cat.: (OSt)24642: San, Lee 20341, Grandes mitos de las artes marciales, 1998









Instituto Departamental de Cultura del Meta - Red Departamental de Bibliotecas Públicas del Meta.